| 000 | 01249nam a22002777a 4500 | ||
|---|---|---|---|
| 999 |
_c20588 _d20588 |
||
| 003 | AR-CdUCM | ||
| 008 | 190531b ||||| |||| 00| 0 spa d | ||
| 040 |
_aMUNICIPALIDAD PROVINCIAL DEL CUSCO _cBIBLIOTECA MUNICIPAL DEL CUSCO |
||
| 041 | _heng | ||
| 082 |
_a541.2 / _bP54 |
||
| 100 |
_aPierce, James B. _943036 |
||
| 110 |
_aCentro Regional de Ayuda Técnica - Agencia para el Desarrollo Internacional (A.I.D.) _922328 |
||
| 245 | _aQuímica de la materia : | ||
| 260 |
_aMéxico, D. F. : _bPublicaciones cultural, _c1973. |
||
| 300 |
_a829 páginas ; _bFórmulas químicas _c26 cm. |
||
| 500 | _a[Libro reempastado] | ||
| 505 | _aContenido: Estudio de la química -- Desarrollo de la teoría química -- Periodicidad química -- Visualización del átomo -- Enlace químico... | ||
| 650 |
_aQuímica _94512 |
||
| 650 |
_aTeoría atómica _941958 |
||
| 650 |
_aMateria _9883 |
||
| 650 |
_aEnergía _915841 |
||
| 650 |
_aReacciones _918962 |
||
| 700 |
_aMassachusetts, Lowell (prólogo), West, Robert C. (introducción), Mijares Mijares, Antonio (traductor), Montagut Bosque, Pilar (revisión técnica), Muñiz Pajín, Antonio L. (revisión de estilo), Cerón Valdovinos, Armando (portada) _943037 |
||
| 942 |
_2ddc _cLIBROS |
||
| 945 | _aAndy | ||